Applied corporate finance : a user's manual /

Đã lưu trong:
Chi tiết về thư mục
Tác giả chính: Damodaran, Aswath.
Định dạng: Sách
Ngôn ngữ:English
Được phát hành: New York : John Wiley & Sons, 1999.
Những chủ đề:
Các nhãn: Thêm thẻ
Không có thẻ, Là người đầu tiên thẻ bản ghi này!
Thư viện lưu trữ: Mạng thư viện Đại học Đà Nẵng
LEADER 00820cam a2200325 i 4500
001 000046168
003 5621
005 20030407082507.0
008 010220|1999 vm 000 eng
020 |a 0471239704 
040 |a IRC  |c IRC  |d IRC 
041 0 |a eng 
082 1 4 |a 658.15  |b DA-A 
100 1 |a Damodaran, Aswath. 
245 0 0 |a Applied corporate finance :  |b a user's manual /  |c Aswath Damodaran. 
260 |a New York :  |b John Wiley & Sons,  |c 1999. 
300 |a xvi, 566 p. : ill. 
630 0 4 |a Finance. 
630 0 4 |a Corporations. 
650 0 4 |a Corporations  |x Finance. 
OWN |a DUT 
999 |a From the UDN01 
TYP |a Monograph 
TYP |a Printed language 
980 |a Mạng thư viện Đại học Đà Nẵng